000
00287nam a2200121Ia 4500
008
190216s9999||||xx |||||||||||||| ||und||
100
_a
Steurat H King
245
0
_a
Nine Short Stories
260
_b
Blacke & Son
_c
1975
300
_a
127p
650
_a
English Short Stories
942
_c
BK
999
_c
13087
_d
13087